000 00398 a2200145 4500
999 _c1002
_d1002
020 _a0951520954
050 _aDT 3025 ELL 2002
100 _aEllert,Henrik
_eauthor
245 _aTraditional African art of Zimbabwe/
_cHenrik Ellert
264 _aLusaka:
_bCBC Publishing,
_c2002
300 _a80p.
_bill
500 _aincludes index
650 _aArt...Zimbabwe
942 _2lcc
_cBK
_h3025
_iELL
_k2002